| 000 | 00541nam a2200181Ia 4500 | ||
|---|---|---|---|
| 008 | 220216s9999 xx 000 0 und d | ||
| 100 | _aVinod V.S. | ||
| 245 | 0 | _aDegradation behaviour of natural rubber-aluminium powder composites: Effect of heat, ozone and high energy radiation | |
| 260 |
_bPolymer Degradation and Stability _c2002 |
||
| 300 | _a405-412 | ||
| 650 | _aAdditive | ||
| 650 | _aAluminium powder | ||
| 650 | _aDegradation | ||
| 650 | _aNatural rubber | ||
| 700 | _aKuriakose B. | ||
| 700 | _aVarghese S. | ||
| 942 | _cBS | ||
| 999 |
_c50954 _d50954 |
||